Caras e Coroas (Registo nº 202846)

Detalhes MARC
000 -Etiqueta do registo
Valores 01243nam 22002653 4500
010 ## - Número ISBN
ISBN 978-972-47-4622-7
021 ## - Número do Depósito Legal
Código do país Portugal
Número 378889/14
100 ## - Dados gerais de processamento
Dados gerais 20260702d u||y0pory50 ba
200 ## - Titulo e menção de responsabilidade
Título próprio Caras e Coroas
Informação de outro título reis e rainhas de Portugal para miúdos
Primeira menção de responsabilidade José Jorge Letria
Outras menções de responsabilidade ilustração Ricardo Cabral
205 ## - Menção da edição
Edição
210 ## - Publicação
Local de publicação Alfragide
Nome do editor Texto Editores
Data de publicação 2014
215 ## - Descrição física 
Paginação / Volumes [45] p.
Outras indicações físicas il. ; encadernado
Dimensões 29 cm
300 ## - Notas gerais 
Texto da nota Plano Nacional de Leitura- Ler +
330 ## - Sumário ou Resumo
Texto da nota Embarca nesta aventura contada em verso com a mestria de José Jorge Letria, e vem conhecer os feitos dos reis e rainhas que governaram Portugal desde o nascimento do reino até à implantação da República. De dinastia em dinastia, vais acompanhar o cronista através de episódios a que Ricardo Cabral dá cor e vida e ficar a saber ainda mais acerca da nossa História e dos feitos dos nossos governantes. Porque aprender é mesmo divertido!
606 ## - Nome comum usado como assunto
ID Autoridade 1574
Palavra de ordem História de Portugal
610 ## - Termos não controlados
Palavra de ordem Reis e rainhas de portugal
610 ## - Termos não controlados
Palavra de ordem Poesia
675 ## - CDU
Notação 94(469)
Edição PT
Língua por
700 ## - Autor principal (pessoa individual)
ID Autoridade 1079
Apelido Letria
Nome José Jorge
Datas 1951-
702 ## - Autor secundário (pessoa individual)
ID Autoridade 17697
Apelido Cabral
Nome Ricardo
801 ## - Fonte de origem
País PT
Agência BMMN
Regras de catalogação RPC
830 ## - Notas gerais do catalogador
Criado por Isabel
990 ## - Elementos KOHA
Tipo de documento Livro
Exemplares
Situação do levantamento Biblioteca de origem Código de barras Cota Permissão de empréstimo Tipo de documento Forma de aquisição
  Biblioteca Municipal de Montemor-o-Novo 32369 94(469) LET|DEP-AIJ   Livro Oferta

Powered by Koha